[Event "IND-ch U13 Girls"]
[Site "Puducherry"]
[Date "2013.06.30"]
[Round "1"]
[White "Savant, Riya"]
[Black "Taniya, Acharya"]
[Result "1-0"]
[WhiteElo "1966"]
[BlackElo "1379"]
[PlyCount "61"]
[EventDate "2013.06.30"]
[EventType "swiss"]
[EventRounds "11"]
[EventCountry "IND"]
[SourceTitle "EXT 2014"]
[Source "ChessBase"]
[SourceDate "2013.11.20"]
[SourceVersion "1"]
[SourceVersionDate "2013.11.20"]
[SourceQuality "1"]

1. d4 e5 2. dxe5 Nc6 3. Nf3 Qe7 4. Qd5 f6 5. exf6 Nxf6 6. Qd1 Qd8 7. g3 Be7 8. Bg2 0-0 9. 0-0 d6 10. b3 Be6 11. Bb2 Qd7 12. Ng5 Kh8 13. Nxe6 Qxe6 14. Nd2 Qd7 15. c4 Rae8 16. Nf3 h6 17. Nh4 Kg8 18. Ng6 Rf7 19. Nf4 Rff8 20. Bh3 Qd8 21. Be6+ Kh8 22. Ng6+ Kh7 23. Qb1 a6 24. Nxf8+ Kh8 25. Ng6+ Kh7 26. Ne5+ Kh8 27. Nf7+ Kg8 28. Nxd8+ Kf8 29. Nxc6 bxc6 30. Qg6 Bd8 31. Qf7# 1-0